Countries with the most Subways - Statistics

General Stats
  • This quiz has been taken 77 times
  • The average score is 9 of 10
Answer Stats
Hint Answer % Correct
20,325 United States of America
100%
2,918 Canada
96%
544 China
96%
2,164 United Kingdom
93%
778 Mexico
90%
1,565 Brazil
88%
657 Germany
87%
1,216 Australia
81%
708 India
78%
545 South Korea
72%
No matching quizzes found
Score Distribution
Percent of People with Each Score
Percentile by Number Answered
Your Score History
You have not taken this quiz